000 00587nam a2200169Ia 4500
008 090711s9999 xx 000 0 und d
082 _b49903
100 _aभालेराव अनंत
245 _aआले यािSा कारणासी
260 _bश्रीविद्या प्रकाशन
_c1985
300 _a154
600 _aभालेराव अनंत
630 _aआले यािSा कारणासी
700 _aभालेराव अनंत
730 _aआले यािSा कारणासी
942 _cBOOK
999 _c331627
_d331627